| 000 | 00354nam a22001337a 4500 | ||
|---|---|---|---|
| 020 | _a9787561955628 | ||
| 040 | _cNUST | ||
| 082 |
_a951 _bHUA |
||
| 100 |
_a Yu Huaying _986431 |
||
| 245 | _a101 tips for living in China : | ||
| 260 |
_aBeijing ; _bLanguage and culture university press , _c2019. |
||
| 300 |
_a213p; _bPaperback _c20cm. |
||
| 942 |
_2ddc _cBK |
||
| 999 |
_c587324 _d587324 |
||